000 00733nam a2200229 a 4500
001 BRL_403
005 20190320210726.0
008 070813s1968----mx-a######---#000-0#spa-#
041 _aspa
044 _amx
050 4 _aF1386.8
_b.S63 1968
100 1 _aSodi Pallares, Ernesto
_923802
245 1 0 _aCasonas Antiguas de la Ciudad de México
_cErnesto Sodi Pallares
260 _aMéxico
_bEditora de periódicos ´la prensa´, División Comercial
_c1968
300 _a190 p.
_bil.
_c18 cm.
440 0 _aPopulibros
_v81
_923803
500 _aej.1 Au412; ej.2 Au578
650 1 4 _aViviendas
_zCiudad de México
_923804
651 4 _aCiudad de México (México)
_xEdificios, estructuras, etc.
_915245
902 _aGRL
942 _2lcc
_cB
999 _c9216
_d9216